000 00621nam a2200205 4500
001 45692
010 _a9789897245541
021 _aPT
_b475530/20
090 _a45692
100 _a20210622d2020 m y0pory50030103ba
102 _aPT
200 1 _aA certeza do acaso
_fMargarida Rebelo Pinto
205 _a1<U+00AA> ed
210 9 _aLisboa
_cClube do Autor,
_d2020
215 _a225, [2] p.
_d24 cm
675 _a821.134.3-31"19/20"
_vBN
_zpor
700 1 _aPinto,
_bMargarida Rebelo,
_f1965-
801 0 _aPT
_bBN
_gRPC
856 4 1 _uhttp://rnod.bnportugal.gov.pt/ImagesBN/winlibimg.aspx?skey=&doc=2073598&img=151583&save=true
990 _cLIVROS